[Event "22nd Alekhine FIDE 2018"]
[Site "Voronezh"]
[Date "2018.06.14"]
[Round "3"]
[White "Novikov, Sergey D"]
[Black "Slastikhin, Vladislav"]
[Result "1-0"]
[WhiteElo "2180"]
[BlackElo "1846"]
[Annotator "TA"]
[PlyCount "123"]
[EventDate "2018.??.??"]
[EventType "swiss"]
[EventCountry "RUS"]
[SourceTitle "playchess.com"]
[Source "ChessBase"]
[SourceQuality "1"]

{[%evp 20,123,38,29,56,47,64,66,30,34,46,46,47,34,47,14,54,0,9,0,0,-5,-4,-6,-8,-40,30,-9,0,-35,36,0,82,82,90,82,82,82,74,74,83,84,82,74,112,93,112,92,162,162,168,140,174,172,170,146,231,70,81,0,187,70,154,81,81,45,70,66,71,45,81,68,90,62,70,70,100,80,166,166,170,166,339,262,387,367,364,337,976,964,1357,1306,1220,1151,1537,1430,29975,29975,29972,29972,29985,29974,29972,29975,29975,29975]} 1. d4 d5 2. c4 e6 3. Nf3 Nf6 4. g3 c5 5. cxd5 exd5 6. Bg2 Nc6 7. O-O Be7 8. Nc3 O-O 9. dxc5 Bxc5 10. a3 a5 11. Bg5 Be6 {E06: Closed Catalan: Early deviations} 12. Rc1 Ba7 13. Qd3 $146 ({Predecessor:} 13. Nb5 Bb6 14. Nbd4 Nxd4 15. Nxd4 h6 16. Be3 Re8 17. h3 Qd7 18. Kh2 Ne4 19. Qd3 {½-½ (35) Wojtkiewicz,A (2460)-Ashley,M (2415) New York 1989}) 13... h6 {White is slightly better.} 14. Bf4 Rc8 15. Nb5 Bb8 16. Be3 Re8 17. Nbd4 Ng4 18. Nxc6 bxc6 19. Bc5 Ne5 20. Qa6 Nxf3+ 21. Bxf3 Be5 22. b3 Bd6 (22... Bf5 $15) 23. Rc3 Be5 24. Rcc1 Bd6 (24... Bf5 $15) 25. Rfd1 (25. Bxd6 {feels hotter.} Qxd6 26. Qxa5 Ra8 27. Qb4 Qxb4 28. axb4 Ra6 29. e3) 25... Rb8 (25... Be5 $11) 26. Qxc6 $16 Bxc5 27. Qxc5 {[%cal Rf3d5]} Rxb3 28. Bxd5 Bxd5 29. Rxd5 Qe7 30. Qxe7 Rxe7 {[%mdl 4096] Endgame KRR-KRR} 31. Rd3 Reb7 32. Rc8+ Kh7 33. Rc5 Rxd3 (33... Rb2 $16) 34. exd3 {KR-KR} a4 35. Rc4 Rb3 36. Rxa4 Rxd3 37. Kg2 g6 (37... h5 $16 38. h4 Kh6) 38. Kh3 $2 (38. Ra8 $18) 38... Rf3 {[#]} 39. Kg2 ({Better is} 39. Rf4 $1 $16 {[%cal Rf4f3]} Rxa3 40. Rxf7+ Kg8 41. Rd7) 39... Rb3 $2 (39... Rd3 $11) 40. Kf1 (40. Ra7 $18) 40... Rb2 ({Black should play} 40... Rb1+ $1 $14 41. Kg2 Kg7) 41. Re4 (41. Ra6 $142) 41... Ra2 42. Re3 h5 43. Kg2 Kg7 44. Kf3 Kf6 45. Rd3 Kg7 46. Ke3 Kf6 47. h3 {[%cal Bh2h3,Bh3h4][%mdl 32]} Kg7 48. f4 Rh2 (48... h4 $16 {might work better.}) 49. h4 $18 Rb2 50. Kd4 Kf6 $2 {[#]} (50... Rb8 51. Kc3 Ra8) 51. Kc4 Kf5 (51... Ra2 $142 52. Kb3 Ra1) 52. a4 {[%cal Ba3a4,Ba4a5,Ba5a6,Ba6a7][%mdl 32]} Ke4 {If Black can now play ...Ra2 this consolidates a bit.} 53. Rb3 Ra2 $2 (53... Rc2+ 54. Kb5 Rc8) 54. Kb5 Kd5 55. a5 Kd6 56. Kb6 Kd7 57. a6 Kc8 58. a7 {White mates.} Ra1 59. Rb5 Ra3 60. Ra5 Rxa5 61. Kxa5 Kb7 62. Kb5 {Precision: White = 41%, Black = 23%.} 1-0

[Event "22nd Alekhine FIDE 2018"]
[Site "Voronezh"]
[Date "2018.06.14"]
[Round "3"]
[White "Garafutdinov, Ainur"]
[Black "Bruyatskaya, Mariya"]
[Result "1/2-1/2"]
[WhiteElo "2122"]
[BlackElo "2026"]
[Annotator "TA"]
[PlyCount "111"]
[EventDate "2018.??.??"]
[EventType "swiss"]
[EventCountry "RUS"]
[SourceTitle "playchess.com"]
[Source "ChessBase"]
[SourceQuality "1"]

{[%evp 18,111,12,0,42,45,34,44,40,14,28,8,21,6,16,16,27,9,13,7,14,7,18,2,5,0,0,0,2,0,0,-1,0,0,0,0,2,0,18,19,33,22,34,21,41,14,14,17,17,12,40,42,46,43,131,138,141,107,200,209,229,221,177,218,306,127,197,127,131,130,130,124,144,91,84,0,0,0,0,0,0,0,0,0,0,0,0,0,0,0,0,0,0,-2,-2,-2]} 1. e4 c6 2. d4 d5 3. Nc3 dxe4 4. Nxe4 Nf6 5. Nxf6+ exf6 6. Nf3 Bd6 7. Bd3 O-O 8. O-O Bg4 9. h3 Bh5 {B15: Caro-Kann (Flohr-Variante)} 10. Be4 {LiveBook: 4 Partien} Bc7 $146 ({Vorgänger:} 10... Re8 11. Qd3 Bg6 12. Bxg6 hxg6 13. Bd2 Nd7 {½-½ (13) Ghaem Maghami,E (2574)-Berkes,F (2648) Rasht 2017}) 11. Qd3 Bg6 {Weiß steht etwas besser.} 12. Bxg6 hxg6 13. b3 Na6 14. Ba3 Re8 15. c4 Qd7 16. Rfe1 Rad8 17. Rad1 Rxe1+ 18. Rxe1 Bd6 19. Bxd6 Qxd6 20. Qe4 Nc7 21. Qe7 {Dxd6 ist eine echte Drohung.} Qd7 22. Qxd7 Rxd7 $11 {[%mdl 4096] Endspiel KTS-KTS} 23. Rd1 Ne6 24. Rd2 f5 25. h4 f6 26. Kf1 Kf7 27. g3 Nc7 28. Ke2 Ne8 29. Kd3 Nd6 30. Re2 Ne4 31. Nd2 Nc5+ 32. Kc3 Ne6 33. Nf3 Nc7 34. a4 Re7 35. Rb2 a5 (35... Re6 $14) 36. b4 $1 $16 axb4+ 37. Kxb4 b6 (37... Ke8 $16) 38. Kc3 $18 Na8 {[#]} 39. c5 $1 {[%cal Rc5b6]} bxc5 40. dxc5 Ra7 (40... Nc7 {war nötig.} 41. Nd4 Na6) 41. Ra2 (41. Nd4 $18 {und der Rest ist Schweigen.}) 41... Ke6 {[#]} (41... Nc7 $16) 42. Kc4 (42. Rd2 $1 $18) 42... Nc7 43. Nd4+ Kd7 44. a5 Ra6 45. Rd2 (45. Nc2 $142) 45... Nd5 $16 46. Nxc6 (46. Nb3 $16) 46... Kxc6 $11 {Die Stellung ist ausgeglichen.} 47. Rxd5 Rxa5 $16 {KT-KT} 48. Rd6+ Kc7 49. Kd5 {Droht Ke6 und aus.} Ra2 50. Ke6 {Schwarz muss nun Td7+ beachten.} Rxf2 51. Rd7+ Kc6 52. Rxg7 Rg2 53. Rxg6 f4 $1 54. Kxf6 Rxg3 55. h5 Rxg6+ 56. hxg6 {Precision: Weiß = 56%, Schwarz = 55%.} 1/2-1/2

[Event "22nd Alekhine FIDE 2018"]
[Site "Voronezh"]
[Date "2018.06.14"]
[Round "3"]
[White "Lebedev, Mikhail S."]
[Black "Katkov, Vitaly"]
[Result "1-0"]
[WhiteElo "2103"]
[BlackElo "2018"]
[Annotator "TA"]
[PlyCount "69"]
[EventDate "2018.??.??"]
[EventType "swiss"]
[EventCountry "RUS"]
[SourceTitle "playchess.com"]
[Source "ChessBase"]
[SourceQuality "1"]

{[%evp 10,69,-36,-48,33,25,52,34,47,39,113,106,115,107,110,104,108,85,90,99,133,69,85,77,78,81,121,127,119,79,56,50,163,72,163,137,514,380,364,366,412,311,844,365,585,666,667,651,641,640,638,630,807,799,802,778,1023,951,1022,1029,1014,1010]} 1. e4 e5 {[%cal Be7e5,Be5f4][%mdl 32]} 2. f4 exf4 3. Nf3 d6 4. d4 g5 5. h4 g4 6. Ng1 {LiveBook: 137 Partien} Be7 {C34: Königsspringer-Gambit} ({Besser ist} 6... f5 $15) (6... Bh6 7. Nc3 Nc6 8. Qd3 Bd7 9. a3 f5 10. Nge2 fxe4 11. Qxe4+ Qe7 12. Qxe7+ Ngxe7 13. d5 Ne5 14. Bxf4 Bxf4 15. Nxf4 O-O {0-1 (24) Shytaj,L (2472)-Almasi,Z (2663) Reggio Emilia 2009}) 7. Bxf4 $14 Bxh4+ 8. g3 Bf6 {Weiß steht etwas besser.} 9. Nc3 {[%mdl 1024] Weiss hat Kompensation.} Ne7 (9... Nc6 $14) 10. Qd2 Nbc6 11. Nge2 h5 12. O-O-O Ng6 13. Be3 $146 ({Vorgänger:} 13. Qe3 Bg7 14. Bg2 {1-0 (47) Seitz,M (2270)-Jell,K (2210) Bayern 1993}) 13... Nce7 14. Bg2 c6 15. Rdf1 (15. Rhf1 $16 Bg7 16. d5) 15... Bg7 $1 16. Bg5 Qa5 17. Kb1 Be6 18. d5 $36 {[%mdl 2048] Schwarz muss aufpassen.} Bd7 19. Bf6 Bxf6 20. Rxf6 cxd5 {[#]} ({Günstiger ist} 20... Ne5 $1 $14) 21. exd5 (21. Qg5 $1 $18 {ist viel giftiger.}) 21... Ne5 (21... O-O-O $16) 22. Rxd6 Nf5 $2 {[%mdl 8192]} (22... Qb4 $16 {leistet mehr Widerstand.} 23. Rf6 Nc4) 23. Rxd7 Nxd7 {[#]} 24. Qg5 $1 Ne7 25. Re1 Kf8 $2 (25... f6 26. Qg7 Rg8) 26. Nd4 (26. Nf4 $142 Ng8 27. Rf1) 26... Re8 $2 {[#]} (26... Ng6 27. Be4 Re8) 27. Ne6+ $1 $18 {[%mdl 512] Weiß steht klar auf Gewinn.} fxe6 28. Rf1+ Nf5 {Weiss muss nun ...Dd8 beachten.} 29. dxe6 Rxe6 {...Sf6 ist eine echte Drohung.} 30. Rxf5+ Qxf5 31. Qxf5+ Ke7 32. a3 Re5 33. Qg6 Rf8 34. Nd5+ Kd8 35. Qd6 {Precision: Weiß = 61%, Schwarz = 26%.} 1-0

[Event "22nd Alekhine FIDE 2018"]
[Site "Voronezh"]
[Date "2018.06.14"]
[Round "3"]
[White "Lilov, Aleksandr"]
[Black "Kolyuzhnov, Vladislav"]
[Result "1-0"]
[WhiteElo "2046"]
[BlackElo "1986"]
[Annotator "NA"]
[PlyCount "91"]
[EventDate "2018.??.??"]
[EventType "swiss"]
[EventCountry "RUS"]
[SourceTitle "playchess.com"]
[Source "ChessBase"]
[SourceQuality "1"]
[TimeControl "5400+30"]

{[%evp 19,83,76,75,71,117,70,130,131,127,131,129,110,123,119,107,119,141,133,129,112,192,172,32767,180,170,186,273,300,32767,32767,32767,32767,32767,32767,32767,195,237,164,198,207,170,158,192,139,102,140,32767,32767,272,32767,32767,32767,32767,32767,32767,32767,32767,0,98,132,125,0,1495,32767,29983,29985]} 1. g3 {[%emt 0:00:00]} e5 {[%emt 0:06:49]} 2. c4 {[%emt 0:00:59]} Nf6 {[%emt 0:01:22]} 3. Bg2 {[%emt 0:02:00]} Be7 {[%emt 0:05:03]} 4. Nc3 {[%emt 0:03:55]} O-O {[%emt 0:00:58]} 5. Nf3 {[%emt 0:05:34]} Nc6 {[%emt 0:02:43]} 6. d3 {[%emt 0:01:12]} d6 {[%emt 0:04:23]} 7. O-O {[%emt 0:01:49]} Ne8 {[%emt 0:04:55] A29: English Opening: Four Knights Variation with 4 g3} (7... h6 8. Rb1 Be6 9. b4 Qd7 10. b5 Na5 11. c5 a6 12. cxd6 Bxd6 13. d4 exd4 14. Qxd4 axb5 15. Rxb5 Be7 16. Bf4 {0-1 (25) Ekdyshman,M (2362)-Vajda,L (2554) Zalakaros 2015}) 8. Ne1 {[%emt 0:13:12]} f5 {[%emt 0:01:15]} 9. f4 {[%emt 0:00:12]} g5 $146 {[%emt 0:05:45]} ({Predecessor:} 9... Nf6 10. Nc2 Be6 11. Ne3 Qd7 12. Ned5 Nd8 13. b3 c6 14. Nxe7+ Qxe7 15. Ba3 exf4 16. Rxf4 {0-1 (28) Zobel,L-Gerzenyi,K Stary Smokovec 1955}) 10. e3 {[%emt 0:14:15]} gxf4 {[%emt 0:02:09]} 11. exf4 {[%emt 0:00:06]} Nf6 {[%emt 0:00:19]} 12. Nd5 {[%emt 0:02:07]} Nd4 {[%emt 0:00:49]} 13. Nc2 {[%emt 0:11:38]} Nxd5 {[%emt 0:02:34]} 14. Bxd5+ {[%emt 0:03:04]} Ne6 {[%emt 0:01:02]} 15. Qe2 {[%emt 0:01:29]} c6 {[%emt 0:03:15]} 16. Bxe6+ $1 {[%emt 0:01:45]} Bxe6 {[%emt 0:00:05]} 17. fxe5 {[%emt 0:00:03]} d5 {[%emt 0:08:08]} 18. Bh6 {[%emt 0:08:00]} Rf7 {[%emt 0:01:21]} 19. Rad1 {[%emt 0:00:09]} d4 {[%emt 0:04:18]} (19... Qb6+ $16 20. Ne3 Qd4) 20. Ne1 {[%emt 0:01:55]} b5 {[%emt 0:04:41]} 21. b3 {[%emt 0:01:11]} bxc4 {[%emt 0:01:10]} 22. bxc4 {[%emt 0:00:22]} Rb8 {[%emt 0:00:15]} (22... f4 $142 23. Rxf4 (23. gxf4 Qd7 $18) (23. Bxf4 Rb8 $18) 23... Rxf4) 23. Ng2 {[%emt 0:00:22]} c5 {[%emt 0:08:40]} 24. Rb1 {[%emt 0:02:17]} Rb6 {[%emt 0:01:09]} 25. Qc2 {[%emt 0:03:27]} Bc8 {[%emt 0:02:52]} 26. Bd2 {[%emt 0:00:30]} Qd7 {[%emt 0:00:28]} 27. Nf4 {[%emt 0:05:10]} Rg7 {[%emt 0:00:27]} 28. Rxb6 {[%emt 0:05:32]} axb6 {[%emt 0:00:06]} 29. Rb1 {[%emt 0:00:17]} Bd8 {[%emt 0:01:18]} 30. Nd5 {[%emt 0:01:43]} Qe6 {[%emt 0:02:17]} (30... Rg6 $16 31. Qb3 Qg7) 31. Bf4 {[%emt 0:01:50]} Bb7 {[%emt 0:01:25]} 32. Qb3 {[%emt 0:00:51]} Rg6 {[%emt 0:06:39]} 33. a4 {[%emt 0:00:33]} h5 {[%emt 0:02:09]} 34. Kf2 {[%emt 0:03:42]} h4 {[%emt 0:00:37]} 35. a5 {[%emt 0:00:08]} hxg3+ {[%emt 0:00:10]} 36. hxg3 {[%emt 0:00:03]} Qf7 {[%emt 0:01:05]} 37. axb6 {[%emt 0:03:08]} Qh7 {[%emt 0:00:44]} 38. Rg1 {[%emt 0:01:21]} (38. Qb5 $16 Qh2+ 39. Kf1 Qh3+ 40. Ke2) 38... Qh2+ {[%emt 0:05:27]} (38... Bxd5 $1 $11 {bleibt in der Remisbreite.} 39. cxd5 Rxb6) 39. Rg2 {[%emt 0:00:00]} Qh1 {[%emt 0:00:35]} 40. Qb5 {[%emt 0:00:17]} (40. Qb2 $16) 40... Bc6 $2 {[%emt 0:00:55]} (40... Rxb6 $11 41. Qe8+ Kg7 42. Bh6+ (42. Qd7+ Kg6 $14) 42... Qxh6 43. Qd7+ Kh8 44. Qxd8+ Kg7 45. Qxb6 Qd2+ 46. Kg1 Qd1+ $11 47. Kh2 Qh5+ 48. Kg1 Qd1+ 49. Kf2 Qd2+ 50. Kg1 Qd1+) 41. b7 {[%emt 0:00:38]} Bxb5 {[%emt 0:04:57]} 42. b8=Q {[%emt 0:01:05]} Qd1 {[%emt 0:00:40]} 43. Qxd8+ {[%emt 0:00:14]} Kg7 {[%emt 0:00:04]} 44. Qe7+ {[%emt 0:00:11]} Kg8 {[%emt 0:00:17]} 45. Nf6+ {[%emt 0:00:42]} Rxf6 {[%emt 0:00:10]} 46. exf6 {[%emt 0:00:11]} 1-0

[Event "22nd Alekhine FIDE 2018"]
[Site "Voronezh"]
[Date "2018.06.14"]
[Round "3"]
[White "Kutyanina, Mariya"]
[Black "Kolomensky, Vladimir"]
[Result "0-1"]
[WhiteElo "2021"]
[BlackElo "2120"]
[Annotator "NA"]
[PlyCount "117"]
[EventDate "2018.??.??"]
[EventType "swiss"]
[EventCountry "RUS"]
[SourceTitle "playchess.com"]
[Source "ChessBase"]
[SourceQuality "1"]
[TimeControl "5400+30"]

{[%evp 21,117,-23,-20,-46,-12,-17,-18,-8,-13,-37,-34,-40,-42,-47,-44,-126,-119,-184,-173,-264,-264,-269,-258,-262,-274,-276,-258,-227,-221,-355,-352,-446,-204,-314,-292,-316,-309,-310,-254,-270,-261,-275,-240,-229,-159,-159,-159,-159,-104,-147,-150,-150,-151,-156,-128,-128,-129,-164,-174,-277,-292,-329,-238,-220,-122,-113,0,0,0,0,0,0,0,0,0,0,0,0,0,0,0,0,12846,12847,12850,12850,12851,29984,29984,29985,29985,29986,29986,29987,29987,29988,29993,29994]} 1. d4 {[%emt 0:00:00]} Nf6 {[%emt 0:00:08]} 2. c4 {[%emt 0:00:34]} e6 {[%emt 0:00:13]} 3. Nc3 {[%emt 0:00:10]} Bb4 {[%emt 0:00:58]} 4. e3 {[%emt 0:00:10]} c5 {[%emt 0:00:35]} 5. Nge2 {[%emt 0:00:10]} b6 {[%emt 0:10:59]} 6. a3 {[%emt 0:00:38]} Ba5 {[%emt 0:00:05]} 7. Rb1 {[%emt 0:11:14]} Na6 {[%emt 0:03:57]} 8. Bd2 {[%emt 0:04:43]} O-O {[%emt 0:04:06]} 9. Nf4 {[%emt 0:02:10] E42: Nimzo-Indian: Rubinstein: 4...c5 5 Ne2} cxd4 {[%emt 0:16:52]} 10. exd4 {[%emt 0:00:17]} Bxc3 {[%emt 0:00:18]} 11. Bxc3 {[%emt 0:02:19]} d5 {[%emt 0:02:10] LiveBook: 7 Games} 12. Nh5 {[%emt 0:04:27]} dxc4 $146 {[%emt 0:27:43]} ({Predecessor:} 12... Bb7 13. cxd5 Nxd5 14. Qg4 g6 15. Bd2 f5 16. Qg3 f4 17. Nxf4 Nxf4 18. Bxf4 Qxd4 {½-½ (57) Sokolov,I (2610)-Gabriel,C (2581) Bad Godesberg 1999}) 13. Bxc4 {[%emt 0:05:38]} Nc7 {[%emt 0:08:10]} 14. O-O {[%emt 0:06:57]} Bb7 {[%emt 0:04:12]} 15. Nf4 {[%emt 0:13:34]} Qd6 {[%emt 0:02:22]} 16. Qc1 {[%emt 0:02:34]} Rfd8 {[%emt 0:02:05]} 17. f3 {[%emt 0:01:18]} Rac8 {[%emt 0:00:25]} 18. Nd3 {[%emt 0:02:13]} (18. Re1 $15) 18... Ncd5 $17 {[%emt 0:04:11]} 19. Ne5 {[%emt 0:00:31]} (19. Bxd5 $17 Nxd5 20. Qd2) 19... Rc7 $19 {[%emt 0:01:08]} 20. Qe1 {[%emt 0:14:07]} (20. a4 $142) 20... Nxc3 {[%emt 0:03:02]} 21. bxc3 {[%emt 0:00:15]} Rdc8 {[%emt 0:00:13]} 22. Qe2 {[%emt 0:01:30]} Nd5 {[%emt 0:00:59]} ({But not} 22... Qxa3 23. Rfc1 $17) 23. Bxd5 {[%emt 0:07:38]} Qxd5 {[%emt 0:00:08]} ({Not} 23... exd5 24. Rfc1 $17) 24. Rfd1 {[%emt 0:04:03]} Rxc3 {[%emt 0:00:04]} 25. h4 {[%emt 0:01:56]} (25. Ra1 $142) 25... Rc2 {[%emt 0:03:22]} ({Much less strong is} 25... Rxa3 26. Qd2 $19) 26. Qe3 {[%emt 0:00:30]} Qd6 {[%emt 0:01:41]} (26... Qa2 $142 27. Qf4 f6) 27. Rd2 {[%emt 0:04:27]} (27. h5 {is a better defense.}) 27... R2c3 {[%emt 0:00:46]} 28. Rd3 {[%emt 0:02:00]} Qxa3 {[%emt 0:00:13]} 29. Rxc3 {[%emt 0:01:19]} Qxc3 {[%emt 0:00:26]} 30. Qxc3 {[%emt 0:01:33]} Rxc3 {[%emt 0:00:02] Endgame KRB-KRN} 31. Ra1 {[%emt 0:00:02]} a6 {[%emt 0:00:59]} 32. Nd7 {[%emt 0:00:43]} b5 {[%emt 0:02:05]} 33. Nc5 {[%emt 0:00:10]} Bd5 {[%emt 0:00:40]} 34. Nxa6 {[%emt 0:00:10]} g6 {[%emt 0:00:35]} (34... Rc4 $142 {aiming for ...Ra4.} 35. Rb1 Bb7) 35. Rb1 {[%emt 0:00:49]} Rb3 {[%emt 0:00:39]} 36. Rxb3 {[%emt 0:02:12]} Bxb3 $17 {[%emt 0:00:01] KB-KN} 37. Kf2 {[%emt 0:00:13]} Kf8 {[%emt 0:00:01]} 38. Ke3 {[%emt 0:00:20]} Ke7 {[%emt 0:00:01]} 39. Kd3 {[%emt 0:00:13]} Kd6 {[%emt 0:00:19]} 40. Kc3 {[%emt 0:00:55]} (40. Nb4 $142) 40... Bc4 $19 {[%emt 0:00:10]} 41. Nc5 {[%emt 0:00:09]} Bf1 {[%emt 0:02:34]} 42. g3 {[%emt 0:01:02]} Be2 {[%emt 0:00:41]} (42... Bg2 $19 43. f4 Kd5) 43. Ne4+ $17 {[%emt 0:01:14]} Kd5 {[%emt 0:00:46]} ({Better is} 43... Ke7 $17 44. f4 f5) 44. Nf6+ $11 {[%emt 0:00:33]} Kd6 {[%emt 0:00:08]} 45. Nxh7 {[%emt 0:00:11]} e5 {[%emt 0:01:04]} 46. Ng5 {[%emt 0:03:38]} f6 {[%emt 0:00:02]} 47. Ne4+ {[%emt 0:00:25]} Ke6 {[%emt 0:00:01]} 48. dxe5 {[%emt 0:00:42]} Kxe5 {[%emt 0:00:28]} 49. Nd2 {[%emt 0:00:10]} f5 {[%emt 0:00:15]} 50. Kb4 {[%emt 0:01:27]} Kd4 {[%emt 0:00:08] [#] Strongly threatening ...Ke3.} 51. g4 $1 {[%emt 0:00:23]} Bxf3 $2 {[%emt 0:02:15]} (51... Ke3 $11 52. h5 gxh5 53. gxh5 f4) 52. Nxf3+ $18 Ke3 53. gxf5 {[%emt 0:01:03]} gxf5 {[%emt 0:00:03]} 54. h5 {[%emt 0:00:32]} Kxf3 {[%emt 0:00:01] KPP-KP. White mates.} 55. h6 {[%emt 0:00:06]} f4 {[%emt 0:00:08]} 56. h7 {[%emt 0:00:04]} Kg2 {[%emt 0:00:17]} 57. h8=Q {[%emt 0:00:10]} f3 {[%emt 0:00:02]} 58. Qg7+ {[%emt 0:00:18]} Kf1 {[%emt 0:00:18]} 59. Kc3 {[%emt 0:01:03] Precision: White = 53%, Black = 62%.} 0-1

[Event "22nd Alekhine FIDE 2018"]
[Site "Voronezh"]
[Date "2018.06.14"]
[Round "3"]
[White "Lepaev, Andrey"]
[Black "Bitkinin, Lenar"]
[Result "1-0"]
[WhiteElo "1992"]
[BlackElo "2055"]
[Annotator "NA"]
[PlyCount "89"]
[EventDate "2018.??.??"]
[EventType "swiss"]
[EventCountry "RUS"]
[SourceTitle "playchess.com"]
[Source "ChessBase"]
[SourceQuality "1"]
[TimeControl "5400+30"]

{[%evp 26,89,-39,-106,-8,-20,0,-37,-18,-22,-24,-32,-35,-61,-74,-84,32767,32767,0,0,12,24,22,0,0,0,41,52,110,87,122,113,114,122,125,118,32767,32767,32767,141,161,32767,32767,32767,32767,32767,32767,32767,32767,32767,32767,32767,448,589,653,758,817,716,684,758,670,813,848,1119,2276,2431]} 1. d4 {[%emt 0:00:00]} f5 {[%emt 0:00:05]} 2. Nf3 {[%emt 0:00:00]} Nf6 {[%emt 0:00:05]} 3. g3 {[%emt 0:00:00]} g6 {[%emt 0:00:04]} 4. Bg2 {[%emt 0:00:00]} Bg7 {[%emt 0:00:05]} 5. O-O {[%emt 0:00:00]} O-O {[%emt 0:00:06]} 6. b3 {[%emt 0:00:00]} d6 {[%emt 0:00:19]} 7. Bb2 {[%emt 0:00:00]} Qe8 {[%emt 0:01:55]} 8. c4 {[%emt 0:00:00]} Na6 {[%emt 0:01:17]} 9. Qc2 {[%emt 0:00:09]} c5 {[%emt 0:03:24] A87: Holländische Verteidigung (Leningrader Variante)} 10. d5 {[%emt 0:04:31]} (10. Nc3 Bd7 11. Rad1 cxd4 12. Nxd4 Nc5 13. Ndb5 Qf7 14. Nd5 Bc6 15. Bxf6 Bxf6 16. e4 fxe4 17. Bxe4 Nxe4 18. Qxe4 {½-½ (32) Pezzica,G (2547)-Wunderlich,H (2638) ICCF email 2012}) 10... b5 {[%emt 0:02:10]} 11. a3 {[%emt 0:12:09]} Rb8 {[%emt 0:01:31]} 12. Nbd2 $146 {[%emt 0:05:36]} ({Vorgänger:} 12. Ra2 Nc7 13. Nbd2 bxc4 14. bxc4 Bd7 15. Rb1 Ba4 16. Qc1 Na8 17. Ng5 {0-1 (48) Mariano,E (2156)-Schacher,G (2340) Arvier 2012}) 12... bxc4 {[%emt 0:02:24]} 13. Nxc4 {[%emt 0:26:21]} Nc7 {[%emt 0:07:31]} 14. Rad1 {[%emt 0:01:38]} (14. b4 $1 $11 {keeps the balance.}) 14... Qb5 {[%emt 0:06:51]} (14... Nfxd5 $17 15. Bxg7 Kxg7) 15. Bxf6 {[%emt 0:10:08]} Bxf6 {[%emt 0:01:23]} 16. Nfd2 {[%emt 0:00:04]} a5 {[%emt 0:10:07]} 17. e4 {[%emt 0:07:58]} fxe4 {[%emt 0:04:55]} 18. a4 {[%emt 0:00:05]} Qb4 {[%emt 0:01:49]} 19. Nxe4 {[%emt 0:00:12]} Bd4 {[%emt 0:02:22]} ({Of course not} 19... Qxb3 $6 20. Qxb3 Rxb3 21. Nxf6+ Rxf6 22. Nxa5 $11) 20. Qd2 {[%emt 0:09:31]} Bg4 {[%emt 0:15:31]} 21. Rde1 {[%emt 0:06:56]} Qxd2 {[%emt 0:10:07]} 22. Nexd2 {[%emt 0:00:18]} Rf7 {[%emt 0:01:16]} 23. Nxa5 {[%emt 0:05:12]} Bc3 {[%emt 0:03:04]} 24. Nac4 {[%emt 0:00:49]} Bd4 {[%emt 0:02:08]} 25. Na5 {[%emt 0:00:31]} Rbf8 {[%emt 0:00:26]} 26. Ne4 $1 {[%emt 0:00:22]} Bf3 {[%emt 0:06:50]} (26... Bd7 $1 $11 {hält das Gleichgewicht.}) 27. Nc6 {[%emt 0:01:37]} Nxd5 {[%emt 0:00:40]} 28. Nxd4 {[%emt 0:00:35]} cxd4 {[%emt 0:00:13]} 29. Ng5 {[%emt 0:00:04]} Bxg2 {[%emt 0:00:17]} 30. Kxg2 {[%emt 0:00:08]} Rf6 {[%emt 0:01:45]} 31. Ne6 {[%emt 0:00:22]} Rb8 {[%emt 0:00:19]} 32. Nxd4 {[%emt 0:00:26]} Rb4 {[%emt 0:02:46]} 33. Nc6 {[%emt 0:00:31]} Rb7 {[%emt 0:00:34]} 34. b4 {[%emt 0:01:25]} e5 {[%emt 0:00:30]} 35. b5 {[%emt 0:00:35]} Nc3 {[%emt 0:00:12]} 36. Ra1 {[%emt 0:00:12]} e4 {[%emt 0:00:29]} 37. Ra3 {[%emt 0:01:46]} Nd5 {[%emt 0:01:09]} 38. Rd1 {[%emt 0:00:28]} Rf5 {[%emt 0:00:22]} 39. a5 {[%emt 0:01:02]} e3 {[%emt 0:00:38]} 40. fxe3 {[%emt 0:00:36]} Rbf7 {[%emt 0:03:26]} 41. Rd2 {[%emt 0:00:19]} Nc7 {[%emt 0:00:54]} 42. b6 {[%emt 0:00:41]} Na6 {[%emt 0:00:08]} 43. Rad3 {[%emt 0:01:26]} Nc5 {[%emt 0:00:54]} 44. Rd5 {[%emt 0:00:50]} Rf3 {[%emt 0:00:33] [#]} 45. Rxc5 $18 {[%emt 0:00:28]} 1-0